000 00369nam a2200145 i 4500
001 bg
100 1 _aSILEJKO, Aleksej W.
245 0 _aCybernatyka bez matematyki /
_cAleksej W. Silejko, Sumara I. Silejko.
260 _aWarszawa,
_c1977.
700 1 _aSILEJKO, Sumara I.
040 _cBPK
041 _apol
942 _cKS
008 s pl f |000 0 pol
999 _c9449
_d9449
856 _uhttp://koha.tu.koszalin.pl/cgi-bin/koha/opac-detail.pl?biblionumber=9449
_yKatalog online BPK